Flag Fragments Quiz Stats

 Plays Quiz Updated Oct 28, 2018

Also try: Flags of the World
Challenge
Share
Tweet
Score 0/20 Timer 05:00
19 Plays Today
Continent Country % Correct
Canada
95.9%
Brazil
92%
Israel
87.9%
Australia
87.3%
South Korea
75.6%
Kenya
66.7%
Lebanon
62.3%
United States of America
58.6%
Mexico
58.5%
Cambodia
56.9%
Continent Country % Correct
Vatican City
51.5%
Ghana
48.4%
Bhutan
46.8%
Libya
46%
Slovenia
39.4%
Kyrgyzstan
38.7%
Mongolia
34.5%
Croatia
28.3%
Turkmenistan
26.1%
Guatemala
23.9%

You're not logged in!

Compare scores with friends on all Sporcle quizzes.
OR
Log In

You Might Also Like...

Show Comments

Extras

Top Quizzes Today


Score Distribution

Your Account Isn't Verified!

In order to create a playlist on Sporcle, you need to verify the email address you used during registration. Go to your Sporcle Settings to finish the process.

Report this User

Report this user for behavior that violates our Community Guidelines.

Details: